000 00478nam a2200193Ia 4500
005 20250423094749.0
008 250422s9999 xx 000 0 und d
020 _a9781451110326
050 _aQM 23.2 .S64/
100 _aSnell, Richard S.
245 0 _aClinical anatomy : by regions
250 _a9th ed.
260 _aPhiladelphia
260 _bLippincott Williams and Wilkins
260 _c2012
300 _a754 p
650 _a Human anatomy.
942 _cBK
999 _c28222
_d28222